000
00245nam a2200097Ia 4500
008
190216s9999||||xx |||||||||||||| ||und||
100
_a
Bankim Chandra Chatterjee
245
0
_a
Hindi-Visha Vriksh
260
_b
Mac Millian And Com. Ltd
942
_c
BK
999
_c
18517
_d
18517